| 000 | 00693nam a2200229Ia 4500 | ||
|---|---|---|---|
| 003 | GCL | ||
| 008 | 140319s9999 xx 000 0 ara d | ||
| 040 |
_aGCL / _cGCL |
||
| 082 | 0 | 4 |
_aق _b962.054 _bس ن |
| 100 | 1 | _aسمير فراج | |
| 245 | 1 | 0 |
_aناريمان: اخر ملكات مصر / _cسمير فراج |
| 260 |
_a[S.N] : _bدار سفنكس للطباعة والنشر والتوزيع ، _c1992 |
||
| 300 | _a153 ص | ||
| 490 | _a | ||
| 650 | 0 | 4 | _aالعصر الحديث |
| 650 | 0 | 4 | _aتاريخ |
| 650 | 0 | 4 | _aثورة 23 يوليو 1952 |
| 650 | 0 | 4 | _aالملوك والحكام |
| 650 | 0 | 4 | _aالدولة الملكية |
| 650 | 0 | 4 | _aالملكات |
| 942 |
_2ddc _cBK |
||
| 999 |
_c52938 _d52938 |
||